| 000 | 00844nam a22002537a 4500 | ||
|---|---|---|---|
| 999 |
_c7394 _d7394 |
||
| 003 | AR-CdUCM | ||
| 008 | 190320b ||||| |||| 00| 0 spa d | ||
| 040 |
_aMUNICIPALIDAD PROVINCIAL DEL CUSCO _cBIBLIOTECA MUNICIPAL DEL CUSCO |
||
| 041 | _heng | ||
| 082 |
_a536 / _bZ63 |
||
| 100 |
_aZemansky, Mark W. _920261 |
||
| 245 | _aCalor y termodinamica / | ||
| 260 |
_aMadrid : _bAguilar, _c1961. |
||
| 300 |
_aXIX, 509 paginas ; _bCuadros, graficos, trazos, ilustraciones _c21 cm. |
||
| 500 | _aColección ciencia y técnica Seccion fisica | ||
| 505 | _aContenido: temperatura -- termodinamicos -- trabajo -- calor -- gases perfectos... | ||
| 650 |
_aCalor _920847 |
||
| 650 |
_aTermodinamica _919143 |
||
| 650 |
_atrabajo _94726 |
||
| 650 |
_aGases _919693 |
||
| 700 |
_aYusta Almarza, Albino _920848 |
||
| 942 |
_2ddc _cLIBROS |
||
| 945 | _apjha | ||